[Event "Hradec Kralove Region-chT 2223"]
[Site "Czech Republic"]
[Date "2023.01.29"]
[Round "7.4"]
[White "Tichy, Miroslav"]
[Black "Matonoha, Ctirad"]
[Result "0-1"]
[WhiteElo "1994"]
[BlackElo "1972"]
[PlyCount "42"]
[EventDate "2022.10.09"]
[EventType "team-tourn"]
[EventRounds "11"]
[EventCountry "CZE"]
[SourceTitle "EXT 2024"]
[Source "ChessBase"]
[SourceDate "2023.10.10"]
[SourceVersion "1"]
[SourceVersionDate "2023.10.10"]
[SourceQuality "1"]

1. e4 d5 2. exd5 Nf6 3. d4 Nxd5 4. Nf3 Bg4 5. c4 Nb6 6. c5 N6d7 7. Qb3 Nc6 8. Bc4 e6 9. Bg5 Nxd4 10. Bxd8 Nxb3 11. axb3 Rxd8 12. c6 Ne5 13. Nfd2 Nxc6 14. Bb5 Bb4 15. Bxc6+ bxc6 16. Rxa7 0-0 17. f3 Bf5 18. Nc3 Rd3 19. Ndb1 Rfd8 20. Ke2 Bc5 21. Rxc7 Re3+ 0-1

[Event "Hradec Kralove Region-chT 2223"]
[Site "Czech Republic"]
[Date "2022.11.27"]
[Round "4.3"]
[White "Tichy, Miroslav"]
[Black "Vanicek, Vojtech"]
[Result "1/2-1/2"]
[WhiteElo "1990"]
[BlackElo "1829"]
[PlyCount "37"]
[EventDate "2022.10.09"]
[EventType "team-tourn"]
[EventRounds "11"]
[EventCountry "CZE"]
[SourceTitle "EXT 2024"]
[Source "ChessBase"]
[SourceDate "2023.10.10"]
[SourceVersion "1"]
[SourceVersionDate "2023.10.10"]
[SourceQuality "1"]

1. e4 e5 2. Nc3 Nc6 3. Bc4 Nf6 4. d3 Bc5 5. f4 d6 6. Nf3 h6 7. Na4 Bb6 8. Nxb6 axb6 9. c3 0-0 10. fxe5 dxe5 11. 0-0 Qd6 12. b4 Be6 13. Bxe6 Qxe6 14. Qe2 Rfd8 15. Kh1 Ne7 16. Be3 Ra3 17. Rfc1 Ng6 18. Rc2 Qc6 19. Bd2 1/2-1/2

[Event "Hradec Kralove Region-chT 2223"]
[Site "Czech Republic"]
[Date "2022.11.13"]
[Round "3.4"]
[White "Tichy, Miroslav"]
[Black "Mojzis, Jan"]
[Result "1/2-1/2"]
[WhiteElo "1990"]
[BlackElo "2065"]
[PlyCount "22"]
[EventDate "2022.10.09"]
[EventType "team-tourn"]
[EventRounds "11"]
[EventCountry "CZE"]
[SourceTitle "EXT 2024"]
[Source "ChessBase"]
[SourceDate "2023.10.10"]
[SourceVersion "1"]
[SourceVersionDate "2023.10.10"]
[SourceQuality "1"]

1. e4 e6 2. d4 d5 3. e5 c5 4. c3 Bd7 5. Nf3 Nc6 6. Be2 f6 7. 0-0 Qc7 8. Bf4 g5 9. Bg3 Qb6 10. exf6 Nxf6 11. b3 Rg8 1/2-1/2

[Event "CZE-chT2D 2122"]
[Site "Czech Republic"]
[Date "2022.01.30"]
[Round "7.6"]
[White "Tichy, Miroslav"]
[Black "Holasek, Vojtech"]
[Result "1-0"]
[WhiteElo "2027"]
[BlackElo "1877"]
[PlyCount "67"]
[EventDate "2021.10.17"]
[EventType "team-tourn"]
[EventRounds "11"]
[EventCountry "CZE"]
[SourceTitle "EXT 2025"]
[Source "ChessBase"]
[SourceDate "2024.10.14"]
[SourceVersion "1"]
[SourceVersionDate "2024.10.14"]
[SourceQuality "1"]
[WhiteTeam "Hradec Kralove Slavia"]
[BlackTeam "Usti nad Orlici"]
[WhiteTeamCountry "CZE"]
[BlackTeamCountry "CZE"]

1. e4 e5 2. Bc4 Nf6 3. d3 Nc6 4. Nf3 d5 5. exd5 Nxd5 6. 0-0 Be6 7. Re1 Bd6 8. Nbd2 0-0 9. Ne4 Be7 10. c3 Bg4 11. Ng3 f5 12. h3 Bxf3 13. Qxf3 e4 14. dxe4 Ne5 15. Bxd5+ Qxd5 16. exd5 Nxf3+ 17. gxf3 Bd6 18. Bd2 Rf6 19. Re6 Kf7 20. Rae1 f4 21. Rxf6+ gxf6 22. Ne2 Re8 23. Kf1 Re5 24. Nxf4 Rg5 25. c4 b5 26. b3 a5 27. h4 Rf5 28. Re4 a4 29. Kg2 axb3 30. axb3 bxc4 31. bxc4 c6 32. dxc6 Rc5 33. Bb4 Rxc6 34. Re6 1-0

[Event "CZE-chT2D 2122"]
[Site "Czech Republic"]
[Date "2021.11.21"]
[Round "3.7"]
[White "Hajek, Jaroslav"]
[Black "Tichy, Miroslav"]
[Result "1/2-1/2"]
[WhiteElo "1889"]
[BlackElo "2027"]
[PlyCount "43"]
[EventDate "2021.10.17"]
[EventType "team-tourn"]
[EventRounds "11"]
[EventCountry "CZE"]
[SourceTitle "EXT 2025"]
[Source "ChessBase"]
[SourceDate "2024.10.14"]
[SourceVersion "1"]
[SourceVersionDate "2024.10.14"]
[SourceQuality "1"]
[WhiteTeam "Chrudim"]
[BlackTeam "Hradec Kralove Slavia"]
[WhiteTeamCountry "CZE"]
[BlackTeamCountry "CZE"]

1. e4 e5 2. Nf3 Nc6 3. Bb5 a6 4. Bxc6 dxc6 5. 0-0 f6 6. d4 Bg4 7. dxe5 Qxd1 8. Rxd1 fxe5 9. Be3 Bd6 10. Nbd2 Nf6 11. Re1 0-0 12. Bg5 h6 13. Bh4 Nh5 14. Bg3 Nxg3 15. hxg3 b5 16. Nh2 Be6 17. Nhf1 c5 18. Ne3 c4 19. c3 c6 20. Rad1 Rad8 21. Nf3 g6 22. Re2 1/2-1/2

[Event "Janske Lazne op"]
[Site "Janske Lazne"]
[Date "2013.05.12"]
[Round "8"]
[White "Tichy, Miroslav"]
[Black "Pychova, Nela"]
[Result "1/2-1/2"]
[WhiteElo "2010"]
[BlackElo "1884"]
[PlyCount "93"]
[EventDate "2013.05.07"]
[EventType "swiss"]
[EventRounds "8"]
[EventCountry "CZE"]
[SourceTitle "CBM 154 Extra"]
[Source "ChessBase"]
[SourceDate "2013.06.25"]
[SourceVersion "2"]
[SourceVersionDate "2013.06.25"]
[SourceQuality "1"]

1. c4 e5 2. Nc3 Bb4 3. Nd5 Ba5 4. b4 c6 5. bxa5 cxd5 6. cxd5 Qxa5 7. Qc2 Ne7 8. e4 0-0 9. a4 Qd8 10. Nf3 d6 11. h3 f5 12. d3 b6 13. Ba3 Na6 14. Be2 fxe4 15. dxe4 Nc5 16. Bxc5 bxc5 17. a5 Rb8 18. 0-0 Ng6 19. Ra3 Nf4 20. Nh2 Rb4 21. Bg4 Ba6 22. g3 Bxf1 23. gxf4 Rxf4 24. Be6+ Kh8 25. Kxf1 Rfxe4 26. Rf3 Rf4 27. Rxf4 Rxf4 28. Qb1 Rf8 29. Qe1 Qh4 30. Qe2 Qb4 31. a6 c4 32. Qe4 Rf4 33. Qe3 Qb8 34. Nf3 Qc7 35. Ne1 c3 36. Nc2 Qc4+ 37. Kg1 Rf8 38. Qxa7 Qe2 39. Bf5 g6 40. Ne3 gxf5 41. Qe7 Rg8+ 42. Ng2 Rxg2+ 43. Kxg2 Qe4+ 44. Kg1 Qb1+ 45. Kh2 Qb8 46. a7 Qa8 47. Qf6+ 1/2-1/2

[Event "Janske Lazne op"]
[Site "Janske Lazne"]
[Date "2013.05.11"]
[Round "7"]
[White "Kotyza, Bohumil"]
[Black "Tichy, Miroslav"]
[Result "0-1"]
[WhiteElo "1912"]
[BlackElo "2010"]
[PlyCount "74"]
[EventDate "2013.05.07"]
[EventType "swiss"]
[EventRounds "8"]
[EventCountry "CZE"]
[SourceTitle "CBM 154 Extra"]
[Source "ChessBase"]
[SourceDate "2013.06.25"]
[SourceVersion "2"]
[SourceVersionDate "2013.06.25"]
[SourceQuality "1"]

1. d4 Nf6 2. Nf3 d5 3. Bf4 c6 4. e3 Ne4 5. Nbd2 Bf5 6. c3 Qb6 7. Qb3 Nxd2 8. Nxd2 Nd7 9. c4 f6 10. c5 Qxb3 11. axb3 e5 12. Bg3 h5 13. h4 g6 14. b4 Bg7 15. b5 0-0 16. f3 exd4 17. exd4 Bc2 18. f4 Rfe8+ 19. Kf2 f5 20. Nf3 Re4 21. Rc1 Ba4 22. bxc6 bxc6 23. Ne5 Rb8 24. Kg1 Nxe5 25. fxe5 Rxb2 26. Bf2 Bh6 27. Ra1 Rb4 28. Bd3 Rexd4 29. Bxd4 Rxd4 30. Rh3 Bf8 31. Rc1 Be7 32. Be2 Re4 33. Bf3 Rxe5 34. g3 d4 35. Rh2 Bxc5 36. Bxc6 Bxc6 37. Rhc2 d3+ 0-1

[Event "Janske Lazne op"]
[Site "Janske Lazne"]
[Date "2013.05.08"]
[Round "3"]
[White "Michel, Ladislav"]
[Black "Tichy, Miroslav"]
[Result "0-1"]
[WhiteElo "1879"]
[BlackElo "2010"]
[PlyCount "102"]
[EventDate "2013.05.07"]
[EventType "swiss"]
[EventRounds "8"]
[EventCountry "CZE"]
[SourceTitle "CBM 154 Extra"]
[Source "ChessBase"]
[SourceDate "2013.06.25"]
[SourceVersion "2"]
[SourceVersionDate "2013.06.25"]
[SourceQuality "1"]

1. d4 d5 2. c4 c6 3. Nf3 Nf6 4. Nc3 Bf5 5. Qb3 Qb6 6. Qxb6 axb6 7. cxd5 Nxd5 8. Nxd5 cxd5 9. Bf4 e6 10. Bc7 Nd7 11. Nh4 Bc2 12. Kd2 Bb3 13. Kc3 Ba4 14. b3 Rc8 15. bxa4 Rxc7+ 16. Kb3 Rc4 17. e3 Rb4+ 18. Kc3 Rxa4 19. a3 Rxa3+ 20. Rxa3 Bxa3 21. Kb3 Bd6 22. Bb5 Ke7 23. Ra1 Rc8 24. Ra7 Rc7 25. Nf3 f6 26. Ra8 e5 27. Nh4 g6 28. g3 Rc1 29. Bxd7 Kxd7 30. Rh8 Rf1 31. Rxh7+ Kc6 32. dxe5 fxe5 33. f4 Re1 34. fxe5 Rxe3+ 35. Kc2 Bxe5 36. Nxg6 Bd6 37. Rh6 Kc5 38. Kd2 Re6 39. Kd3 b5 40. h4 Bxg3 41. h5 d4 42. Rh7 Re3+ 43. Kd2 b6 44. h6 Be1+ 45. Kd1 d3 46. Rc7+ Kd6 47. h7 Bb4 48. Kc1 d2+ 49. Kb2 d1Q 50. h8Q Qb3+ 51. Kc1 Re1# 0-1

[Event "Janske Lazne op"]
[Site "Janske Lazne"]
[Date "2013.05.08"]
[Round "2"]
[White "Wagner, Vojtech"]
[Black "Tichy, Miroslav"]
[Result "1-0"]
[WhiteElo "1800"]
[BlackElo "2010"]
[PlyCount "86"]
[EventDate "2013.05.07"]
[EventType "swiss"]
[EventRounds "8"]
[EventCountry "CZE"]
[SourceTitle "CBM 154 Extra"]
[Source "ChessBase"]
[SourceDate "2013.06.25"]
[SourceVersion "2"]
[SourceVersionDate "2013.06.25"]
[SourceQuality "1"]

1. e4 d6 2. d4 Nf6 3. Nc3 g6 4. Bg5 Bg7 5. f4 h6 6. Bh4 c6 7. Nf3 Qb6 8. Qc1 Bg4 9. Bf2 Bxf3 10. gxf3 Nh5 11. Ne2 Na6 12. Bh3 c5 13. c3 cxd4 14. cxd4 Nb4 15. Qc4 Qa5 16. 0-0 d5 17. Qc3 Qb5 18. Qd2 e6 19. a3 Nc6 20. Rac1 0-0 21. f5 dxe4 22. fxe4 exf5 23. exf5 Rae8 24. Nc3 Qa5 25. Rce1 g5 26. d5 Ne5 27. Bg2 Nf4 28. Bg3 Nc4 29. Qc1 Nd3 30. Rxe8 Rxe8 31. Qc2 Bd4+ 32. Kh1 Ndxb2 33. Nd1 Nxa3 34. Qc7 Bb6 35. Qxb7 Nxd1 36. Rxd1 Nc2 37. Qc6 Re2 38. Qxh6 Bd8 39. f6 Bxf6 40. Qxf6 Rxg2 41. Qxg5+ Kh7 42. Kxg2 Qc5 43. Bf2 Qd6 1-0

[Event "CZE-chT2D 1213"]
[Site "Czech Republic"]
[Date "2013.03.24"]
[Round "11.5"]
[White "Svancara, Petr"]
[Black "Tichy, Miroslav"]
[Result "1/2-1/2"]
[WhiteElo "2127"]
[BlackElo "2013"]
[PlyCount "81"]
[EventDate "2012.10.14"]
[EventType "team-tourn"]
[EventRounds "11"]
[EventCountry "CZE"]
[SourceTitle "EXT 2016"]
[Source "ChessBase"]
[SourceDate "2015.10.08"]
[SourceVersion "1"]
[SourceVersionDate "2015.10.08"]
[SourceQuality "1"]
[WhiteTeam "Olomouc Garde"]
[BlackTeam "Hradec Kralove II"]
[WhiteTeamCountry "CZE"]
[BlackTeamCountry "CZE"]

1. d4 Nf6 2. c4 g6 3. Nc3 Bg7 4. e4 d6 5. h3 0-0 6. Nge2 e5 7. d5 a5 8. g4 Na6 9. Ng3 Nc5 10. Be2 Bd7 11. Be3 Ne8 12. h4 c6 13. Qd2 cxd5 14. Nxd5 Bc6 15. 0-0-0 Bxd5 16. cxd5 a4 17. Kb1 Nf6 18. f3 Nfd7 19. Bb5 Qa5 20. Bxd7 Nxd7 21. Qxa5 Rxa5 22. Rc1 Nc5 23. Rc3 Rfa8 24. Rhc1 Bf8 25. h5 Be7 26. Ne2 f6 27. hxg6 hxg6 28. Rh1 Kg7 29. Bxc5 Rxc5 30. Rxc5 dxc5 31. Nc3 Ra5 32. Rd1 Bd6 33. Ne2 b5 34. Kc2 Ra8 35. Rh1 Kg8 36. Nc3 Ra5 37. Nb1 Kg7 38. Kc3 Ra8 39. Kc2 Ra7 40. Na3 Ra5 41. Rh3 1/2-1/2

[Event "CZE-chT2D 1213"]
[Site "Czech Republic"]
[Date "2012.11.04"]
[Round "2.5"]
[White "Vondra, Lukas"]
[Black "Tichy, Miroslav"]
[Result "0-1"]
[WhiteElo "2006"]
[BlackElo "2013"]
[PlyCount "70"]
[EventDate "2012.10.14"]
[EventType "team-tourn"]
[EventRounds "11"]
[EventCountry "CZE"]
[SourceTitle "EXT 2016"]
[Source "ChessBase"]
[SourceDate "2015.10.08"]
[SourceVersion "1"]
[SourceVersionDate "2015.10.08"]
[SourceQuality "1"]
[WhiteTeam "Ceska Trebova"]
[BlackTeam "Hradec Kralove II"]
[WhiteTeamCountry "CZE"]
[BlackTeamCountry "CZE"]

1. d4 Nf6 2. c4 g6 3. Nf3 Bg7 4. g3 d6 5. Bg2 0-0 6. 0-0 c6 7. Nc3 Nbd7 8. Qc2 e5 9. Rd1 Re8 10. dxe5 dxe5 11. b4 Qc7 12. c5 a5 13. b5 Nxc5 14. Ba3 Bf5 15. Qc1 Nce4 16. Nxe4 Nxe4 17. bxc6 bxc6 18. Nh4 Qb6 19. e3 Rad8 20. Rxd8 Rxd8 21. g4 Nxf2 22. Kxf2 Bxg4 23. Bc5 Qb5 24. Bf1 Qb8 25. Rb1 Qc8 26. e4 Qe6 27. Ng2 h5 28. Qc2 Qf6+ 29. Kg1 Bh6 30. Bc4 Rd2 31. Qb3 Bf3 32. Bf1 Bxe4 33. Rb2 Bd5 34. Qc3 Bxg2 35. Rb8+ Kh7 0-1

[Event "Ostrava Konik op-A"]
[Site "Ostrava"]
[Date "2012.04.30"]
[Round "3"]
[White "Ockay, Tomas"]
[Black "Tichy, Miroslav"]
[Result "1-0"]
[WhiteElo "2171"]
[BlackElo "2026"]
[PlyCount "57"]
[EventDate "2012.04.28"]
[EventType "swiss"]
[EventRounds "9"]
[EventCountry "CZE"]
[SourceTitle "CBM 148 Extra"]
[Source "ChessBase"]
[SourceDate "2012.06.22"]
[SourceVersion "1"]
[SourceVersionDate "2012.06.22"]
[SourceQuality "1"]

1. Nf3 d5 2. b3 Nf6 3. Bb2 g6 4. g3 Bg7 5. c4 Be6 6. d3 c6 7. Bg2 dxc4 8. bxc4 0-0 9. 0-0 Qc8 10. Qb3 b5 11. Nbd2 a5 12. Qc2 b4 13. a3 Na6 14. Ne5 Bd7 15. Ndf3 Ng4 16. Nxd7 Qxd7 17. Bxg7 Kxg7 18. h3 Nf6 19. Ne5 Qd6 20. Nxc6 bxa3 21. Qa4 Nc5 22. Qxa3 a4 23. Nxe7 Rae8 24. Nd5 Nxd5 25. Bxd5 Rxe2 26. d4 Ne4 27. Qf3 Rxf2 28. Rxf2 Nxf2 29. Qxf2 1-0

[Event "Ostrava Konik op-A"]
[Site "Ostrava"]
[Date "2012.04.28"]
[Round "2"]
[White "Tichy, Miroslav"]
[Black "Glacner, Karel"]
[Result "1-0"]
[WhiteElo "2026"]
[BlackElo "1649"]
[PlyCount "71"]
[EventDate "2012.04.28"]
[EventType "swiss"]
[EventRounds "9"]
[EventCountry "CZE"]
[SourceTitle "CBM 148 Extra"]
[Source "ChessBase"]
[SourceDate "2012.06.22"]
[SourceVersion "1"]
[SourceVersionDate "2012.06.22"]
[SourceQuality "1"]

1. c4 Nf6 2. Nc3 g6 3. e4 e5 4. Nf3 Nc6 5. d4 exd4 6. Nxd4 Bb4 7. Nxc6 bxc6 8. Bd3 0-0 9. 0-0 Bb7 10. e5 Bxc3 11. bxc3 Ne8 12. Rb1 Rb8 13. Be3 Qc8 14. c5 Ba8 15. Ba6 Qd8 16. Bg5 Rxb1 17. Bxd8 Rxd1 18. Rxd1 Ng7 19. Bxc7 Ne6 20. Bd6 Re8 21. g3 g5 22. f3 Kg7 23. h4 gxh4 24. gxh4 Kh6 25. Kf2 Kh5 26. Rh1 Nf4 27. Bc4 Nd5 28. f4 Rg8 29. f5 Re8 30. Be2+ Kh6 31. c4 Nf4 32. e6 Nxe6 33. fxe6 Rxe6 34. Rg1 Rf6+ 35. Bf3 Rg6 36. Bf4+ 1-0

[Event "Nachod op 9th"]
[Site "Nachod"]
[Date "2011.07.02"]
[Round "1.29"]
[White "Tichy, Miroslav"]
[Black "Cvejn, Jaroslav"]
[Result "1/2-1/2"]
[WhiteElo "2101"]
[BlackElo "1737"]
[PlyCount "75"]
[EventDate "2011.07.02"]
[EventType "swiss"]
[EventRounds "9"]
[EventCountry "CZE"]
[SourceTitle "EXT 2012"]
[Source "ChessBase"]
[SourceDate "2011.11.24"]
[SourceVersion "1"]
[SourceVersionDate "2011.11.24"]
[SourceQuality "1"]

1. e4 d5 2. exd5 Qxd5 3. Nc3 Qa5 4. d4 Nf6 5. Nf3 Bg4 6. Be2 e6 7. h3 Bh5 8. Bd2 c6 9. 0-0 Qc7 10. Re1 Be7 11. Ne5 Bxe2 12. Qxe2 0-0 13. Bf4 Qb6 14. Qc4 Na6 15. Ne2 Rad8 16. c3 Nc7 17. b4 Ncd5 18. Bh2 a5 19. a3 Ra8 20. Qb3 axb4 21. axb4 Qb5 22. Qb1 Nb6 23. Qd3 Qxd3 24. Nxd3 Nfd5 25. Nc5 Bxc5 26. bxc5 Nc4 27. Rab1 b6 28. cxb6 Ncxb6 29. g4 Rfc8 30. Rec1 Nc4 31. Rb3 Nd2 32. Rb2 Nf3+ 33. Kg2 Nxh2 34. Kxh2 g5 35. Kg2 Kg7 36. Rcb1 Ra4 37. Rb3 Rc4 38. Kg3 1/2-1/2

[Event "CZE-chT2C 0809"]
[Site "Czech Republic"]
[Date "2008.12.07"]
[Round "4.7"]
[White "Mojzis, Martin"]
[Black "Tichy, Miroslav"]
[Result "1/2-1/2"]
[WhiteElo "2026"]
[BlackElo "2056"]
[PlyCount "41"]
[EventDate "2008.10.12"]
[EventType "tourn"]
[EventRounds "11"]
[EventCountry "CZE"]
[SourceTitle "EXT 2010"]
[Source "ChessBase"]
[SourceDate "2010.11.25"]
[SourceVersion "1"]
[SourceVersionDate "2010.11.25"]
[SourceQuality "1"]
[WhiteTeam "Polabiny III"]
[BlackTeam "Hradec Kralove II"]
[WhiteTeamCountry "CZE"]
[BlackTeamCountry "CZE"]

1. e4 e5 2. Nf3 Nc6 3. Bb5 a6 4. Ba4 Nf6 5. 0-0 Be7 6. Re1 b5 7. Bb3 d6 8. c3 0-0 9. h3 Na5 10. Bc2 c5 11. d3 Qc7 12. Nbd2 Re8 13. Nf1 h6 14. d4 cxd4 15. cxd4 Nc6 16. d5 Nb4 17. Bb1 a5 18. g4 Bf8 19. a4 bxa4 20. Ne3 g6 21. Ra3 1/2-1/2

[Event "Pardubice Jihlavanka op-B 19th"]
[Site "Pardubice"]
[Date "2008.07.18"]
[Round "1"]
[White "Orekhov, Viktor"]
[Black "Tichy, Miroslav"]
[Result "1-0"]
[WhiteElo "2275"]
[BlackElo "2031"]
[PlyCount "57"]
[EventDate "2008.07.18"]
[EventType "swiss"]
[EventRounds "9"]
[EventCountry "CZE"]
[SourceTitle "CBM 125 Extra"]
[Source "ChessBase"]
[SourceDate "2008.09.01"]
[SourceVersion "1"]
[SourceVersionDate "2008.09.01"]
[SourceQuality "1"]

1. e4 e5 2. d4 exd4 3. Qxd4 Nc6 4. Qe3 d6 5. Nc3 Nf6 6. Bd2 Be7 7. 0-0-0 0-0 8. Qg3 Be6 9. f4 a6 10. f5 Bd7 11. Bh6 Ne8 12. Nf3 Kh8 13. Be3 Nf6 14. Kb1 b5 15. Bd3 Nb4 16. Qh3 Nxd3 17. cxd3 b4 18. Ne2 Qc8 19. g4 Qb7 20. Ng3 Kg8 21. g5 Ne8 22. Qh4 Ba4 23. Rd2 c5 24. Rg1 b3 25. a3 Rc8 26. f6 Bd8 27. Nf5 Qd7 28. Rg3 Qe6 29. Rh3 1-0

[Event "CZE-chT2c 0607"]
[Site "Czech Republic"]
[Date "2007.02.11"]
[Round "7.8"]
[White "Tichy, Miroslav"]
[Black "Groh, Jiri"]
[Result "1-0"]
[WhiteElo "2077"]
[BlackElo "1986"]
[PlyCount "75"]
[EventDate "2006.10.15"]
[EventType "team-tourn"]
[EventRounds "11"]
[EventCountry "CZE"]
[SourceTitle "EXT 2008"]
[Source "ChessBase"]
[SourceDate "2007.11.25"]
[SourceVersion "1"]
[SourceVersionDate "2007.11.25"]
[SourceQuality "1"]
[WhiteTeam "Hradec Kralove II"]
[BlackTeam "Liberec"]
[WhiteTeamCountry "CZE"]
[BlackTeamCountry "CZE"]

1. e4 c5 2. Nc3 e6 3. g3 Nc6 4. Bg2 g6 5. d3 Bg7 6. Be3 d6 7. Qd2 Rb8 8. Nge2 Nd4 9. Nd1 b5 10. c3 Nxe2 11. Qxe2 Ne7 12. Qd2 Qc7 13. Bh6 0-0 14. h4 Bb7 15. h5 Nc6 16. Bxg7 Kxg7 17. Ne3 Qe7 18. f4 f5 19. hxg6 hxg6 20. exf5 exf5 21. 0-0-0 Na5 22. Rde1 Qf7 23. Bxb7 Nxb7 24. Kb1 a5 25. Rhg1 Rg8 26. g4 Kf8 27. Ref1 Re8 28. gxf5 gxf5 29. Rg5 Rxg5 30. fxg5 f4 31. Ng4 f3 32. Nf6 Re2 33. Qf4 f2 34. Rxf2 Rxf2 35. Qxf2 Qe6 36. a3 Nd8 37. Qf3 Nf7 38. Qa8+ 1-0

[Event "Hradec Kralove Region-chT 0506"]
[Site "Czech Republic"]
[Date "2006.03.19"]
[Round "10.3"]
[White "Tichy, Miroslav"]
[Black "Spacek, Libor"]
[Result "0-1"]
[WhiteElo "2064"]
[BlackElo "2184"]
[PlyCount "38"]
[EventDate "2005.10.23"]
[EventType "team-tourn"]
[EventRounds "11"]
[EventCountry "CZE"]
[SourceTitle "EXT 2024"]
[Source "ChessBase"]
[SourceDate "2023.10.10"]
[SourceVersion "1"]
[SourceVersionDate "2023.10.10"]
[SourceQuality "1"]
[WhiteTeam "Hradec Kralove Slavia III"]
[BlackTeam "Vrchlabi"]
[WhiteTeamCountry "CZE"]
[BlackTeamCountry "CZE"]

1. e4 d6 2. d4 g6 3. Nc3 Bg7 4. Bc4 Nc6 5. Nf3 Bg4 6. Bxf7+ Kxf7 7. Ng5+ Ke8 8. Qxg4 Nxd4 9. Nxh7 Nxc2+ 10. Kd1 Bxc3 11. Qxg6+ Kd7 12. Kxc2 Bf6 13. Nxf6+ Nxf6 14. e5 Nd5 15. e6+ Kc8 16. Bg5 c6 17. Rac1 Rg8 18. Qh6 Qa5 19. Kb1 Rxg5 0-1

[Event "Hradec Kralove Region-chT 0506"]
[Site "Czech Republic"]
[Date "2005.12.11"]
[Round "4.4"]
[White "Cerovsky, Leos"]
[Black "Tichy, Miroslav"]
[Result "1/2-1/2"]
[WhiteElo "1992"]
[BlackElo "2064"]
[PlyCount "37"]
[EventDate "2005.10.23"]
[EventType "team-tourn"]
[EventRounds "11"]
[EventCountry "CZE"]
[SourceTitle "EXT 2024"]
[Source "ChessBase"]
[SourceDate "2023.10.10"]
[SourceVersion "1"]
[SourceVersionDate "2023.10.10"]
[SourceQuality "1"]
[WhiteTeam "Dvur Kralove nad Labem"]
[BlackTeam "Hradec Kralove Slavia III"]
[WhiteTeamCountry "CZE"]
[BlackTeamCountry "CZE"]

1. e4 e5 2. Nc3 Nf6 3. f4 d5 4. d3 Nc6 5. Nf3 exf4 6. Bxf4 d4 7. Nb5 Bb4+ 8. Nd2 Ba5 9. Be2 a6 10. Na3 b5 11. 0-0 h6 12. Bg3 Be6 13. Nab1 Bb4 14. Bf3 Qd7 15. a4 Rb8 16. axb5 axb5 17. Ra6 0-0 18. c3 Bc5 19. Kh1 1/2-1/2

[Event "Hradec Kralove Region-chT 0506"]
[Site "Czech Republic"]
[Date "2005.11.27"]
[Round "3.3"]
[White "Tichy, Miroslav"]
[Black "Dvorak, David"]
[Result "1-0"]
[WhiteElo "2064"]
[BlackElo "1618"]
[PlyCount "71"]
[EventDate "2005.10.23"]
[EventType "team-tourn"]
[EventRounds "11"]
[EventCountry "CZE"]
[SourceTitle "EXT 2024"]
[Source "ChessBase"]
[SourceDate "2023.10.10"]
[SourceVersion "1"]
[SourceVersionDate "2023.10.10"]
[SourceQuality "1"]
[WhiteTeam "Hradec Kralove Slavia III"]
[BlackTeam "Lipa III"]
[WhiteTeamCountry "CZE"]
[BlackTeamCountry "CZE"]

1. e4 c5 2. Nc3 d6 3. g3 g6 4. Bg2 Bg7 5. d3 Be6 6. f4 Nc6 7. Nf3 Qd7 8. h3 Nf6 9. Be3 h6 10. g4 Qc7 11. Qd2 Nh7 12. f5 gxf5 13. gxf5 Bd7 14. Bxh6 Bxc3 15. Qxc3 Rg8 16. 0-0-0 0-0-0 17. Rhg1 Nb4 18. Kb1 Ba4 19. b3 Bb5 20. a3 Nc6 21. h4 f6 22. Bh3 Qb6 23. Rg6 a5 24. Rdg1 Rh8 25. Be3 a4 26. b4 Ba6 27. Ka1 Kb8 28. bxc5 dxc5 29. Bxc5 Qc7 30. Rg7 Qf4 31. Bg2 Rhg8 32. Rxh7 Rxg2 33. Rxg2 Qxf3 34. Rg1 Bxd3 35. Bxe7 Nxe7 36. Rxe7 1-0

[Event "CZE-chT2c 0405"]
[Site "Czech Republic"]
[Date "2005.02.20"]
[Round "8.8"]
[White "Tichy, Miroslav"]
[Black "Smutny, Jan"]
[Result "0-1"]
[WhiteElo "2067"]
[BlackElo "2142"]
[PlyCount "106"]
[EventDate "2004.10.17"]
[EventType "team-tourn"]
[EventRounds "11"]
[EventCountry "CZE"]
[SourceTitle "EXT 2007"]
[Source "ChessBase"]
[SourceDate "2006.11.23"]
[SourceVersion "1"]
[SourceVersionDate "2006.11.23"]
[SourceQuality "1"]
[WhiteTeam "Hradec Kralove II"]
[BlackTeam "AVE Kontakt"]
[WhiteTeamCountry "CZE"]
[BlackTeamCountry "CZE"]

1. e4 e5 2. Nc3 Nf6 3. f4 d5 4. fxe5 Nxe4 5. d3 Nxc3 6. bxc3 d4 7. Nf3 Nc6 8. cxd4 Bb4+ 9. Bd2 Bxd2+ 10. Qxd2 Nxd4 11. c3 Nxf3+ 12. gxf3 Qd5 13. Qe3 Bf5 14. Rg1 g6 15. f4 0-0 16. Rg3 Qa5 17. d4 c5 18. d5 Rad8 19. Bg2 c4 20. Kf2 Rfe8 21. Qd2 Qb6+ 22. Re3 f6 23. Kg3 g5 24. Qf2 fxe5 25. fxe5 Qh6 26. Bf1 Rf8 27. Qd2 Qh4+ 28. Kg2 Be4+ 29. Kg1 Rf4 30. Rg3 Rg4 31. Bg2 Rxg3 32. hxg3 Qxg3 33. d6 Bxg2 34. Qxg2 Qxe5 35. Rd1 h6 36. Qxb7 Qg3+ 37. Qg2 Qxg2+ 38. Kxg2 Kf7 39. Rd4 Ke6 40. Rxc4 Rxd6 41. Ra4 a6 42. Ra5 Kf6 43. Kf3 h5 44. Ke4 Re6+ 45. Kf3 Kg6 46. c4 Rf6+ 47. Kg3 h4+ 48. Kg4 Rf4+ 49. Kh3 Rxc4 50. Rxa6+ Kh5 51. Ra8 g4+ 52. Kg2 Rc2+ 53. Kg1 h3 0-1

[Event "Bohemia South-chT 0405"]
[Site "Czech Republic"]
[Date "2005.??.??"]
[Round "?"]
[White "Kincl, Pavel"]
[Black "Tichy, Miroslav"]
[Result "1-0"]
[WhiteElo "2035"]
[BlackElo "1980"]
[PlyCount "55"]
[EventDate "2004.10.??"]
[EventType "team-tourn"]
[EventRounds "11"]
[EventCountry "CZE"]
[SourceTitle "EXT 2007"]
[Source "ChessBase"]
[SourceDate "2006.11.23"]
[SourceVersion "1"]
[SourceVersionDate "2006.11.23"]
[SourceQuality "1"]

1. d4 d6 2. c4 g6 3. Nc3 Bg7 4. e4 Nc6 5. Be3 Nf6 6. f3 0-0 7. Qd2 Bd7 8. g4 a6 9. Nge2 Na5 10. Ng3 b6 11. h4 Bxg4 12. fxg4 Nxg4 13. Be2 Nxe3 14. Qxe3 c5 15. d5 h6 16. 0-0-0 Qd7 17. h5 f5 18. exf5 gxf5 19. Qf3 Bf6 20. Rhg1 Bg5+ 21. Kb1 e5 22. dxe6 Qxe6 23. Nd5 Qe5 24. Bd3 b5 25. Rde1 Qg7 26. Nxf5 Rxf5 27. Qxf5 bxc4 28. Re7 1-0